[Event "Tilburg"]
[Site "Tilburg"]
[Date "1994.??.??"]
[Round "2"]
[White "Bareev, Evgeny"]
[Black "Adianto, Utut"]
[Result "1/2-1/2"]
[WhiteElo "2675"]
[BlackElo "2520"]
[Annotator "Bangiev,A"]
[PlyCount "87"]
[EventDate "1994.09.??"]
[EventType "k.o."]
[EventRounds "7"]
[EventCountry "NED"]
[SourceTitle "CBM 044"]
[Source "ChessBase"]
[SourceDate "1995.02.01"]
[SourceVersion "1"]
[SourceVersionDate "1995.02.01"]
[SourceQuality "1"]

1. d4 Nf6 2. c4 e6 3. Nc3 Bb4 4. Bg5 c5 5. d5 h6 6. Bh4 Bxc3+ 7. bxc3 d6 8. e3
e5 9. Nf3 Nbd7 10. Nd2 Nf8 11. Bd3 Ng6 12. Bg3 O-O 13. O-O Qe8 $146 (13... Ne7
$6 {Spassky,B-Larsen,B/Beograd/1970}) 14. Bc2 (14. Qb1 Nh5 $5 15. Bxg6 fxg6 16.
Bh4 (16. Ne4 Qe7 $13) 16... g5 17. Bg3 b6 $13) (14. a4 $5 e4 (14... a5 15. Rb1
Ra6 16. Rb5 $14) (14... Nd7 {/\ f5} 15. Qb1 a5 16. Ra2 Ra6 17. Rb2 $14) 15. Bc2
Qe7 (15... Ne5 16. Qb1 $14 Bf5 $6 17. Qxb7 Rb8 18. Qc7 $16 Bc8) 16. Qb1 Re8 17.
a5 $14) 14... Nd7 $5 {/\ f5} 15. Qb1 a5 $5 {/\ Ra6,Nb6,Bd7 -> a4,c4} 16. Kh1 (
16. a4 $6 Ra6 17. Ra2 Nb6 $15 {/\ f5, /\ Bd7} 18. Rb2 Nxa4 19. Rb3 f5 $17) (16.
f4 exf4 17. exf4 Qe3+ 18. Rf2 Nf6 $13) (16. Ne4 Qe7 17. f4 f5 18. Nf2 e4 $13
19. Nxe4 $6 fxe4 20. Bxe4 Nh4 $17) (16. Bf5 $5 Ne7 (16... Ra6 17. Qb5 (17. Ne4
Ne7 $15) 17... Ne7 (17... Rb6 $2 18. Bxd7 $18) 18. Bxd7 Qxd7 19. Qxd7 Bxd7 20.
Rab1 Rb8 21. Rb2 $14 {-> b6 -> d6}) 17. Bh7+ Kh8 18. Ne4 g6 19. Nxd6 Qd8 20.
Bxg6 fxg6 (20... Nxg6 21. Nxf7+ Rxf7 22. Qxg6 $13) 21. Qe4 Ra6 22. Bxe5+ Nxe5
23. Qxe5+ Kg8 $13) 16... Ra6 17. f4 (17. Ba4 f5 $15) 17... Rb6 $5 {/\ f5} (
17... exf4 18. exf4 $14) 18. Qc1 f5 $10 19. Rb1 (19. fxe5 Ndxe5 $15) 19... exf4
(19... e4 $6 20. Qa3 Ra6 21. Ba4 $14) 20. exf4 Qe3 21. Nb3 (21. Rf3 Rxb1 22.
Bxb1 Qe7 $15) (21. Re1 $5 Qxc3 (21... Rxb1 $2 22. Bxb1 $16) 22. Bxf5 Qxc1 23.
Be6+ Kh8 24. Rexc1 Nxf4 25. Bxd7 Rxb1 26. Rxb1 Bxd7 27. Rxb7 Bg4 28. Rb6 $14)
21... Qxc1 (21... Qxc3 $6 22. Bxf5 Qxc1 23. Be6+ Kh8 24. Rbxc1 a4 25. Nd2 Rb2
26. Ne4 $14) 22. Rfxc1 Ra6 23. Nd2 Nf6 24. Ba4 (24. Re1 Nh5) 24... Rf7 (24...
Nh5 25. Rf1 $14 {/\Rbe1,Be8}) 25. Re1 Bd7 (25... Re7 26. Rxe7 Nxe7 27. Bh4 $14)
26. Bc2 (26. Bxd7 Rxd7 27. Re6 Nf8 28. Re2 Ng6 $10) 26... Bc8 27. Kg1 (27. Re6
$6 Bxe6 28. dxe6 Re7 29. Bxf5 Nf8 30. Bh4 (30. Re1 Rb6 $15) 30... Nxe6 $15)
27... Re7 28. Rxe7 Nxe7 $10 29. Kf2 (29. Re1 $6 Kf7 30. Ba4 Rb6 31. Nb3 (31.
Bb5 Nexd5 $17) 31... Ne4 $15) 29... Kf7 30. h3 (30. Bh4 Ng4+ $15) 30... a4 31.
a3 (31. Bh4 Ng6 32. Bg3 Ne7 $10) 31... g5 (31... g6 $6 32. Bh4 $14) 32. fxg5
hxg5 33. Nf3 Nh7 34. h4 g4 35. Nd2 Nf6 36. Bf4 Ng6 37. Bg5 Ne5 38. g3 Kg6 39.
Kg2 Nf7 40. Bxf6 Kxf6 41. Nf1 Ne5 42. Ne3 Nf3 43. Kf2 Ne5 44. Kg2 1/2-1/2

[Event "Pamplona 9495 5th"]
[Site "Pamplona"]
[Date "1994.??.??"]
[Round "?"]
[White "Comas Fabrego, Luis"]
[Black "Rivas Pastor, Manuel"]
[Result "1/2-1/2"]
[WhiteElo "2490"]
[BlackElo "2515"]
[Annotator "Bangiev,A"]
[PlyCount "47"]
[EventDate "1994.12.??"]
[EventType "tourn"]
[EventRounds "9"]
[EventCountry "ESP"]
[EventCategory "13"]
[SourceTitle "CBM 046"]
[Source "ChessBase"]
[SourceDate "1995.06.01"]
[SourceVersion "1"]
[SourceVersionDate "1995.06.01"]
[SourceQuality "1"]

1. d4 Nf6 2. c4 e6 3. Nc3 Bb4 4. Bg5 c5 5. d5 h6 6. Bh4 d6 7. e3 Bxc3+ 8. bxc3
O-O 9. Bd3 Nbd7 10. Ne2 Ne5 11. O-O (11. Bc2 $5 Nxc4 (11... g5 12. Bg3 Nxc4 13.
dxe6 Bxe6 (13... fxe6 14. Qd3 b5 15. Qg6+ $16) 14. h4 d5 (14... g4 15. Bf4 $36
Kg7 (15... h5 16. Bg5) 16. Ng3 Qa5 17. Qd3 $5 $40 Ne5 $2 {[#]} 18. Nh5+ $3 Nxh5
19. Bxh6+ $3 Kf6 (19... Kxh6 20. Qh7#) 20. Bg5+ Kg7 21. Qh7#) 15. hxg5 hxg5 16.
Bd3 $5 {/\ Bc4,Be5} Nb2 17. Qc2 Nxd3+ 18. Qxd3 Re8 19. Be5 $16) 12. Bxf6 Qxf6
13. Qd3 Qg6 $1 (13... Qf5 $2 14. e4 $16) 14. Qxg6 fxg6 15. dxe6 Bxe6 16. Bxg6 (
16. Nf4 Bf5 17. Bb3 b5 $15) 16... d5 17. Nf4 $5 Bf5 18. Ke2 $13) 11... Re8 (
11... g5 $6 12. Bg3 exd5 13. cxd5 Nxd5 14. e4 Nf6 15. f4 $44) 12. h3 Ng6 (12...
g5 $6 13. Bg3 exd5 14. cxd5 Nxd5 15. Bb5 $16) 13. Bg3 e5 14. f4 (14. Qb1 $5 e4
15. Bc2 Ne5 16. Bxe5 Rxe5 17. Ng3 Qe7 18. a4 $13) 14... e4 15. Bc2 h5 $5 (15...
Bf5 $6 16. Bh2 {/\ Ng3, g2-g4 -> e4}) (15... b6 $5 {/\ Ba6} 16. f5 Ne7 $5 (
16... Ne5 17. Bxe5 Rxe5 18. Ng3 {/\ Rf4,Qb1 -> e4}) 17. Ba4 (17. Bh4 Nxf5 18.
Bxf6 Qxf6 19. Qd2 (19. g4 $2 Qg5) 19... Qe5 $17) 17... Rf8 (17... Nxf5 18. Bxe8
Nxe3 19. Qd2 Nxf1 (19... Nxc4 20. Bxf7+ Kxf7 21. Qf4 $16) 20. Bxf7+ Kxf7 21.
Rxf1 $44 {/\ Qf4} Ba6 22. Bh4 $5 Bxc4 23. Bxf6 gxf6 24. Qxh6 $5 Bxe2 25. Qh7+
Ke8 (25... Kf8 26. Rf4 (26. Qh8+ $10) 26... e3 (26... Qe7 27. Qh8+ Kf7 28. Qxa8
e3 29. Rh4 $16) 27. Qg6 $1 $16) 26. Qxe4+ Qe7 27. Qxe7+ Kxe7 28. Re1 $16) 18.
Bc6 (18. Bh4 Nxf5 19. Bxf6 (19. Qe1 Nxh4 20. Qxh4 Ba6 21. Bb3 Nxd5 $1 $17)
19... Qxf6 20. Bc6 Rb8 21. Ng3 Nxe3 22. Rxf6 Nxd1 23. Rxd1 (23. Rxd6 Nxc3 $17)
23... gxf6 24. Nxe4 Rd8 25. Nxf6+ Kg7 26. Rf1 Ba6 $17) 18... Rb8 19. Qa4 a6 20.
Bf2 Nxf5 21. g4 Ne7 22. Bh4 $44) 16. f5 (16. Qe1 b5 $5) (16. Rb1 $5 b6 17. Qe1
$5 {/\ Bh4} Ba6 18. Ba4 Re7 19. Bb5 $14) 16... Ne7 (16... Ne5 17. Bh4 $5 (17.
Bxe5 Rxe5 18. Qb1 (18. Rb1 b6 19. Ng3 h4 $15) 18... Qe7 $15) 17... Nxc4 18. Bg5
Qe7 $5 {/\ Qe5} 19. Rb1 (19. Ng3 Qe5 {/\ Nd5} 20. Nxh5 Nxd5 $15) 19... b6 (
19... Qe5 20. Ba4 Rf8 $13) 20. Ba4 Rf8 21. Bc6 Rb8 $13) 17. Ba4 Nxf5 18. Bxe8
Qxe8 (18... Nxe3 19. Qd2 Nxf1 20. Bxf7+ Kxf7 21. Rxf1 $44 {/\ Qf4}) 19. Bf4 h4
20. a4 (20. Bg5 $5 Nh7 21. Rxf5 Bxf5 22. Bxh4 Qd7 23. a4 Re8 24. a5 $13) 20...
Nh5 21. Qd2 b6 22. Bh2 Qe7 (22... g6 {/\ Ba6} 23. Rxf5 $5 Bxf5 24. Bxd6 $14)
23. a5 bxa5 24. Rxa5 (24. Rxa5 Nf6 25. Rfa1 $14) 1/2-1/2

[Event "Goodricke op 12th"]
[Site "Kolkata"]
[Date "2001.02.12"]
[Round "7"]
[White "Gokhale, Chandrashekhar"]
[Black "Harikrishna, Pentala"]
[Result "1/2-1/2"]
[WhiteElo "2326"]
[BlackElo "2514"]
[Annotator "Bangiev,A"]
[PlyCount "45"]
[EventDate "2001.02.06"]
[EventType "swiss"]
[EventRounds "11"]
[EventCountry "IND"]
[SourceTitle "CBM 082"]
[Source "ChessBase"]
[SourceDate "2001.05.17"]
[SourceVersion "1"]
[SourceVersionDate "2001.05.17"]
[SourceQuality "1"]

1. d4 e6 2. c4 Nf6 3. Nc3 Bb4 4. Bg5 c5 5. d5 h6 6. Bh4 Bxc3+ 7. bxc3 d6 8. e3
e5 9. Qc2 Qe7 10. Nf3 Nbd7 11. Nd2 e4 12. Be2 g5 (12... O-O 13. O-O-O Re8 14.
Kb2 b5 15. cxb5 a6 16. a4 Bb7 17. c4 axb5 18. axb5 Qe5+ 19. Kb3 Nxd5 20. Bg3
Qf6 21. Qb2 Nc3 22. Nb1 Nxd1 23. Rxd1 d5 {1/2-1/2 Gaertner,G-Wells,P/Oberwart
1995/(40)}) 13. Bg3 Nf8 14. h4 Rg8 15. h5 (15. Rb1 Kd8 16. a4 Rb8 17. Rb2 Kc7
18. a5 Bf5 19. Qa4 Ng6 20. hxg5 hxg5 21. Nb3 Ne5 22. Kd2 Bd7 23. Qa3 Nfg4 24.
Rhb1 f5 {1-0 Eriksson,J-Astrom,G/Sweden 1999/(65)}) (15. hxg5 hxg5 16. Rb1 Ng6
17. Rb2 Kf8 18. Nb1 Kg7 19. Bd1 {1/2-1/2 Ivanov,A-Gagarin,V/Vladivostok 1995/
CBM 46 ext (19)}) 15... Bf5 $6 (15... b6 $142 16. Rb1 Bd7 $11) 16. Rb1 b6 17.
Qa4+ Bd7 $2 {[%mdl 8192]} (17... Qd7 $142) 18. Qa6 (18. Qa3 $1 $16 {[%cal
Rb1b6,Rg3d6] Wegen der Drohung 19.Rxb6 gibt es hier keine Verteidigung.}) 18...
Bc8 19. Qa4+ Qd7 20. Qc2 (20. Bd1 $14) 20... Qe7 21. Qa4+ Qd7 22. Qc2 Qe7 23.
Qa4+ 1/2-1/2

[Event "Linklater Memorial"]
[Site "San Francisco"]
[Date "2001.03.08"]
[Round "11"]
[White "Krechetov, Alexandr"]
[Black "Mulyar, Michael A"]
[Result "0-1"]
[WhiteElo "2300"]
[BlackElo "2428"]
[Annotator "Bangiev,A"]
[PlyCount "70"]
[EventDate "2001.02.26"]
[EventType "tourn"]
[EventRounds "10"]
[EventCountry "USA"]
[EventCategory "8"]
[SourceTitle "CBM 082"]
[Source "ChessBase"]
[SourceDate "2001.05.17"]
[SourceVersion "1"]
[SourceVersionDate "2001.05.17"]
[SourceQuality "1"]

1. d4 Nf6 2. c4 e6 3. Nc3 Bb4 4. Bg5 h6 5. Bh4 c5 6. d5 Bxc3+ 7. bxc3 d6 8. f3
g5 9. Bg3 e5 10. e3 Qe7 (10... e4 11. h4 $1) 11. Qc2 (11. Bd3 $142) 11... e4 $1
$36 {Ein typisches Verfahren in derartigen Positionen. Schwarz verhindert
damit, daß Weiß mittels Bd3 gefolgt von Ne2 eine elastische Stellung erhalten
könnte und geht energisch gegen den weißen Feldern im Lager des Anziehenden.} (
11... Nbd7 12. Bd3) 12. O-O-O Bf5 13. h4 $5 Rg8 (13... g4 14. h5 $1 {/\Bh4})
14. hxg5 hxg5 15. Ne2 (15. Qa4+ Nbd7 16. Re1 Bg6 {/\Nh5}) (15. f4 $5) 15...
Nbd7 (15... exf3 $6 16. Qxf5 Qxe3+ 17. Kb1 (17. Rd2 Ne4 $17) 17... fxe2 18. Re1
Ne4 19. Bxe2 Nxc3+ 20. Kc2 Nxe2 21. Qc8+ Ke7 22. Qxg8 Qc3+ 23. Kb1 Qd3+ 24. Ka1
$11) 16. Bf2 {/\Ng3} Bg6 17. Qa4 Kd8 $5 18. Ng3 Kc7 19. Rd2 $6 (19. Be2 {
Weiß muss hier um die offenen h-Linie kämpfen.} Rae8 20. Rh6) 19... Rae8 20.
Rb2 Kb8 $15 21. Be2 Rh8 $1 {Mit dem Kampf um die h-Linie gewinnt der
Nachziehende auch die strategische Initiative.} 22. Qd1 Nb6 23. Rxh8 Rxh8 24.
a4 $2 Nbd7 (24... Qe5 $1 $19 {[%cal Re5c3]} 25. Be1 (25. Rb3 Nxa4) 25... exf3)
25. Kd2 Ne5 26. a5 Qd7 27. Qf1 exf3 28. gxf3 Qa4 $1 29. f4 $5 gxf4 30. exf4
Neg4 31. f5 Bh7 32. Bxg4 Nxg4 33. Bxc5 $1 Qd7 $2 (33... dxc5 34. Qf4+ Ka8 35.
Qxg4 $13) 34. Qf4 (34. a6 $18) 34... Ne5 35. Bg1 (35. a6 $18) 35... Rg8 $16 0-1

[Event "EU-ch 2nd"]
[Site "Ohrid"]
[Date "2001.06.06"]
[Round "6"]
[White "Basagic, Zlatko"]
[Black "Tischbierek, Raj"]
[Result "1-0"]
[WhiteElo "2345"]
[BlackElo "2527"]
[Annotator "Bangiev,A"]
[PlyCount "43"]
[EventDate "2001.06.01"]
[EventType "swiss"]
[EventRounds "13"]
[EventCountry "YUG"]
[SourceTitle "CBM 084"]
[Source "ChessBase"]
[SourceDate "2001.09.13"]
[SourceVersion "1"]
[SourceVersionDate "2001.09.13"]
[SourceQuality "1"]

1. d4 Nf6 2. c4 e6 3. Nc3 Bb4 4. Bg5 h6 5. Bh4 c5 6. d5 Bxc3+ 7. bxc3 d6 8. e3
e5 9. Bd3 Qe7 10. Ne2 Nbd7 11. f4 g5 12. fxg5 Nh5 {[%mdl 8]} (12... Ng4 13. Ng3
Nxe3 14. Qf3 hxg5 15. Qxe3 gxh4 16. Nf5 Qf6 17. O-O Nf8 18. Rae1 (18. Rab1 b6
19. a4 Ng6 20. a5 Rb8 21. axb6 Rxb6 22. Rxb6 axb6 23. Ng3 Qe7 24. Bxg6 fxg6 25.
Ne4 Bf5 $17 {0-1 Southam,T-Rozentalis,E/North Bay 1994/(41)}) 18... Bxf5 $2 (
18... Nd7) 19. Rxf5 Qe7 20. Ref1 Rc8 $2 (20... Ng6 21. Rxf7 Qxf7 22. Rxf7 Kxf7)
21. Rxf7 $18 {1-0 Misanovic,V-Hunt,H/Batumi 1999/(27)}) 13. Ng3 Nxg3 14. Bxg3
hxg5 15. Qc2 Nf6 16. Bf5 Nh5 17. O-O Bxf5 18. Rxf5 Ng7 (18... Nxg3 19. hxg3 f6
20. Qa4+ (20. Raf1 Rh6 21. Qf2 Qh7 22. Qf3 Ke7 $17) 20... Kf8 21. e4 Kg7 22.
Rb1 Rh6 23. Kf2 $11) 19. Qa4+ Kd8 $2 (19... Kf8 20. Rf2 f5 21. Rb2 f4 22. Bf2
Ne8 23. Rab1 Qh7 24. h3 b6 $17) 20. Rf2 f5 21. Rb1 f4 $6 (21... Rh7 22. Rfb2
Ne8 23. Qa5+ Kc8 $13) 22. Rfb2 $1 {[%mdl 512]} (22. Rfb2 Qe8 $1 {(Fritz)} (
22... b6 23. Rxb6) (22... Kc8 23. Rxb7 Qxb7 24. Rxb7 Kxb7 25. Qc6+ Kb8 26.
Qxd6+ Kc8 27. Qxc5+ Kd7 28. Qc6+ Ke7 29. exf4 $18) (22... fxg3 23. Rxb7 gxh2+
24. Kh1 $18) 23. Qa5+ b6 24. Rxb6 axb6 25. Qxa8+ Ke7 $13) 1-0

[Event "Pamplona 9495 5th"]
[Site "Pamplona"]
[Date "1994.??.??"]
[Round "?"]
[White "Comas Fabrego, Luis"]
[Black "Yudasin, Leonid"]
[Result "1/2-1/2"]
[WhiteElo "2490"]
[BlackElo "2615"]
[Annotator "Bangiev,A"]
[PlyCount "49"]
[EventDate "1994.12.??"]
[EventType "tourn"]
[EventRounds "9"]
[EventCountry "ESP"]
[EventCategory "13"]
[SourceTitle "CBM 046"]
[Source "ChessBase"]
[SourceDate "1995.06.01"]
[SourceVersion "1"]
[SourceVersionDate "1995.06.01"]
[SourceQuality "1"]

1. d4 Nf6 2. c4 e6 3. Nc3 Bb4 4. Bg5 h6 5. Bh4 c5 6. d5 d6 7. e3 Bxc3+ 8. bxc3
e5 9. Bd3 e4 10. Bc2 Qe7 11. Bxf6 Qxf6 12. Ne2 Qe5 13. Qb1 f5 14. h4 Nd7 (14...
O-O 15. h5 Nd7 16. a4 a5 17. Qb3 Qf6 18. Nf4 Ne5 19. Bd1 Nd3+ 20. Nxd3 exd3 21.
f4 $16 {Comas Fabrego,L-Vehi Bach/ESP-ch Linates/1993}) 15. h5 Kd8 $5 {/\ Kc7,
Nb6,Bd7 -> a4,c4} (15... Nb6 16. a4 $5 {/\ a5} Nxc4 $2 17. Qb5+) 16. Qb3 $5 {
/\ Nf4} (16. a4 a5 17. Ra3 Ra6 18. Rb3 Kc7 {/\ Nb6}) 16... Qe7 $5 (16... Nb6 $6
17. a4 $16) (16... a5 17. Nf4 $16) 17. Nf4 Ne5 18. a4 {/\ a5 ->} a5 {/\ Kc7,
Ra6-b6 -> c4, b2} 19. Bd1 Rb8 (19... Kc7 20. Be2 Ra6 21. Rb1 Kb8 22. Kd2 Ka7
23. Rb2 {/\ Rhb1 ->}) 20. Be2 b6 {/\ Ba6} 21. Kd2 Kc7 22. Rab1 Rb7 23. Kc2 $5 (
23. Rb2 Kb8 24. Rhb1 Ka7 25. Qd1 Bd7 (25... Rb8 $13 {/\ Ba6}) 26. Ra1 Qh4 $36)
23... Kb8 24. Kb2 Ka7 25. Ka3 (25. Ka3 Bd7 26. Rb2 Rhb8 27. Rhb1 {/\ Qd1,Bf1,
Ne2-b3 -> Na5} Qe8 $5 $13) 1/2-1/2

[Event "Bundesliga 0203"]
[Site "Germany"]
[Date "2003.02.08"]
[Round "10.2"]
[White "Gabriel, Christian"]
[Black "Socko, Bartosz"]
[Result "1/2-1/2"]
[WhiteElo "2562"]
[BlackElo "2569"]
[Annotator "Bangiev,A"]
[PlyCount "53"]
[EventDate "2002.10.19"]
[EventType "team-tourn"]
[EventRounds "15"]
[EventCountry "GER"]
[SourceTitle "CBM 094"]
[Source "ChessBase"]
[SourceDate "2003.05.26"]
[SourceVersion "1"]
[SourceVersionDate "2003.05.26"]
[SourceQuality "1"]
[WhiteTeam "Stuttgart"]
[BlackTeam "Kreuzberg"]
[WhiteTeamCountry "GER"]
[BlackTeamCountry "GER"]

1. d4 Nf6 2. c4 e6 3. Nc3 Bb4 4. Bg5 h6 5. Bh4 c5 6. d5 d6 7. e3 Bxc3+ 8. bxc3
e5 9. Nf3 {9.Bd3 oder 9.Qc3 wird häufiger gespielt, um Bf5 zu verhindern.} Bf5
$1 10. Nd2 Nbd7 (10... g5 11. Bg3 Nbd7 12. f3 {/\e4}) 11. e4 Bh7 12. f3 {
Diese Stellung hat Weiß offenbar angestrebt. Es stellt sich allerdings die
Frage, ob der Läufer auf h7 eine gute oder eine schlechte Position eingenommen
hat. Dies ist davon abhängig, wo Weiß spielen möchte. Am Damenflügel sind
seine Möglichkeiten die Initiative zu ergreifen wegen der blockierten
Bauernstruktur sehr begrenzt. Also muss der Anziehende bestrebt sein, am
Königsflügel aktiv vorzugehen, gerade hier steht der Bh7 richtig.} Qc7 13. Qa4
{/\Bf6. Weiß möchte die kurze Rochade erzwingen, danach könnte seine
Initiative am Königsflügel mehr Chancen bekommen.} Ng8 $1 (13... O-O 14. g4 $1
{/\Bd3,Bf2-e3, gefolgt von h4 ->}) 14. Bd3 Ne7 15. Bxe7 {Weiß hat hier keine
andere Wahl, z.B.} (15. Bf2 f5 $5 {Ein aktiver Zug. Schwarz bemüht sich die
weißen Felder im Lager des Weißen zu schwächen.} 16. exf5 Bxf5 17. Bxf5 (17.
Ne4 O-O) 17... Nxf5 18. Ne4 O-O $132) (15. g4 Ng6 16. Bg3 Nf4 $15) 15... Kxe7
16. Nf1 {/\Ne3} (16. Ke2 a6 17. Rhb1) 16... a6 17. Ne3 b5 $5 {[%mdl 544]} 18.
Qa3 (18. cxb5 axb5 19. Qxb5 Rhb8 20. Qc4 Ra3 $132) 18... Rhb8 19. Rb1 b4 $5 {
[%mdl 32] Eine Räumungsaktion, Schwarz möchte nämlich das Feld c5 räumen, um
es besetzen zu können.} 20. cxb4 (20. Qb2 Qa5) 20... cxb4 21. Rxb4 {Für den
geopferten Bauern hat Schwarz eine gewisse positionelle Kompensation, u.a.
gibt es die schwachen bzw. unkontrollierten schwarzen Felder im Lager des
Weißen, z.B. c5, d4 usw.} Qc5 $1 22. Nc2 $8 Rxb4 23. Qxb4 Rb8 24. Qxc5 Nxc5 {
Diese Stellung hatte Schwarz angestrebt. Sein Springer auf c5 steht optimal.
Man beachte den passiven Läufer d3. Also hat das Bauernopfer seine Wirkung
gezeigt.} 25. Kd2 Rb2 26. Kc3 (26. Ra1 f5 $1 27. Kc3 Nxd3 28. Kxd3 fxe4+ 29.
fxe4 Bxe4+ 30. Kxe4 Rxc2 $17) 26... Rxa2 27. Ra1 1/2-1/2

[Event "EU-chT (Men) 13th"]
[Site "Leon"]
[Date "2001.11.14"]
[Round "8.2"]
[White "Norri, Joose"]
[Black "Mitkov, Nikola"]
[Result "1/2-1/2"]
[WhiteElo "2418"]
[BlackElo "2514"]
[Annotator "Bangiev,A"]
[PlyCount "117"]
[EventDate "2001.11.06"]
[EventType "team-swiss"]
[EventRounds "9"]
[EventCountry "ESP"]
[SourceTitle "CBM 086"]
[Source "ChessBase"]
[SourceDate "2002.02.05"]
[SourceVersion "1"]
[SourceVersionDate "2002.02.05"]
[SourceQuality "1"]
[WhiteTeam "Finland"]
[BlackTeam "Macedonia"]
[WhiteTeamCountry "FIN"]
[BlackTeamCountry "MKD"]

1. d4 Nf6 2. c4 e6 3. Nc3 Bb4 4. Bg5 h6 5. Bh4 c5 6. d5 Bxc3+ 7. bxc3 d6 8. e3
Qe7 {Ein wichtiger Zug in diesem Abspiel, der vor allem den Zug f2-f3 und
damit die elastische Entwicklung des weißen Königsflügels, nach etwas Bd3, Ne2
gefolgt von Bf2 und Ng3, verhindern soll.} 9. Bd3 Nbd7 10. Nf3 {Eine seltene
Zugreihenfolge, öfter wird entweder 9.Nf3, 10.Nd2 dann Bd3 bzw. Qc2 oder 9.Bd3
dann 10.Ne2 gespielt.} e5 $1 {Ein aktiver Zug zum richtigen Zeitpunkt. Es
droht e4. Dies sollte dem weißen erschweren die schwache Diagonale b1-h7 zu
erobern.} 11. e4 {Weiß strebt offenbar danach, eine sichere, aber passive
Stellung aufzubauen.} (11. Qc2 $2 e4 $1 $17) (11. Nd2 g5 12. Bg3 e4 $36) 11...
Nf8 $1 {Schwarz will nun das Feld f4, nach etwa g5 gefolgt von Ng6, besetzen.}
12. Qa4+ Qd7 13. Qa3 g5 14. Bg3 Ng6 15. Bc2 {/\Ba4} Kf8 (15... Kd8 $5 {Die
Königswanderung auf den Damenflügel stellt hier eine typische Idee dar.}) 16.
Nd2 $5 {/\f3. Weiß beabsichtigt damit u.a. den Läufer g3 mittels f3 ins Spiel
bringen zu können.} Rg8 {Ein starkes Manöver, das allerdings für diese
Variante typisch ist. Schwarz möchte ein Spiel am Königsflügel einleiten, z.B.
den Vorstoß g5-g4 mit der Idee an das schwache Feld g2 zu kommen.} 17. Nf1 h5
18. f3 h4 (18... Nf4 19. Ne3 h4 20. Bf2) 19. Bf2 g4 {Schwarz verfolgt am
Königsflügel einen klaren aktiven Plan, nämlich die Felder f4, g3 besetzen,
die Felder f3, g2 angreifen. Der Bauer auf g2, die Basis der weißen
Bauernstruktur, stellt hier eine Stellungsschwäche dar.} 20. Bd1 Nf4 21. Ne3 {
Der weiße Hoffnungsschimmer, der seit langem vorbereitete Zug Nf5 hängt nun in
der Luft.} h3 $5 {Der Nachziehende strebt danach, die weißen Felder am
Königsflügel zu schwächen, das ist sicher richtig so. Die Frage ist nur, ob es
nicht besser wäre, erst das Feld g3 z.B. mit dem Zug 22...g3 zu blockieren?} (
21... g3 $5 22. hxg3 hxg3 23. Bg1 {mit folgendem Angriff auf der h-Linie.} Qc7
24. Rb1 b6 {/\Ke7, Bd7, Rh8}) 22. g3 $1 {Dies stellt die einzige sichere
Verteidigung des Feldes g2 dar.} Ng2+ (22... Nd3+ 23. Ke2 Nxf2 24. Kxf2 gxf3
25. Bxf3) 23. Kd2 (23. Nxg2 hxg2 24. Rg1 gxf3 25. Bxf3 Qh3 26. Rxg2 Bg4 $17)
23... Qe7 {Es ist dem Schwarzen gelungen, die Felder f3 und e4 zu schwächen
und Nf5 zu verhindern. Es stellt sich nun die Frage, ist dies auszunutzen?, z.
B. wie kann Schwarz den Druck auf das schwache Feld f3 verstärken?} (23... gxf3
24. Bxf3 Nxe3 25. Bxe3 Ng4 26. Bg1 Qe7) 24. Rf1 Rg6 {Bislang hat Schwarz sehr
energisch und zielstrebig gespielt. Nun scheint es so, als dass er die Linie
verloren hätte.} ({Es bietet sich hier ein simpler Plan mit der Absicht die
weißen Figuren bzw. Bauern zu tauschen, die weißen Felder verteidigen können.} 
24... gxf3 $5 25. Bxf3 Bg4 26. Nxg4 Nxg4 $15) 25. Kc2 Kg8 {Die letzten zwei
Züge sind schwer zu verstehen.} 26. Qc1 (26. Nxg2 $5 hxg2 27. Rg1 $14) 26...
Qe8 27. Nf5 $1 {Dieser Springer spielt eine wichtige Rolle in dieser Variante.
Weiß steht nun zufriedenstellend.} gxf3 28. Nxd6 (28. Bxf3 $5) 28... Qd7 29.
Nxc8 Nxe4 (29... Rxc8 30. Bxf3 $16) 30. Bxf3 Nxf2 31. Rxf2 Qf5+ 32. Kd1 $5 (32.
Kb2 Rxc8 33. Qd2 Rb6+ 34. Kc1 $13) 32... Rxc8 33. Ke2 $5 Rf6 34. Qb1 $1 {
Weiß hat das Feld e4 verstärkt und steht nun klar besser.} Qg5 35. Qe4 Rb6 36.
Bxg2 (36. Kd3 $5 Re8 37. Bxg2 hxg2 38. Rxg2 f5 39. Qh4 e4+ 40. Kc2 Qe3 41. Rd1
$13) 36... Rb2+ 37. Kf1 hxg2+ 38. Kxg2 Rxf2+ 39. Kxf2 Re8 {/\f5} 40. Qe3 (40.
Rf1 $5 f5 41. Qf3 $16) 40... Qh5 41. Kg2 Qg4 $5 42. d6 (42. Qd3 $142) 42... Rd8
(42... Qxc4 43. Qg5+ Kh8 44. Rf1 $40) 43. Qxe5 Rxd6 44. Qe8+ Kg7 45. Qe5+ Kg8
46. Rf1 $1 {Weiß will offenbar kein Remis.} Re6 47. Qb8+ (47. Qxc5 Re2+ 48. Kg1
$16 {nebst Qd5}) 47... Kg7 48. Qxb7 Re2+ 49. Kg1 Qxc4 50. Qf3 Qe6 {Schwarz
kontrolliert alle wichtigen Felder im Zentrum. Für Weiß ist es schwer einen
konkreten Vorteil zu erlangen.} 51. a4 Re3 52. Qf4 Rxc3 53. Qg5+ Kf8 54. Rd1
Qe3+ 55. Qxe3 Rxe3 56. Rd7 Ra3 57. Rxa7 Ra2 58. Rc7 Rxa4 59. Rxc5 1/2-1/2